000 00541nam a22001817a 4500
005 20231113064821.0
008 231113b |||||||| |||| 00| 0 eng d
020 _a9780409049404
041 _aEnglish
082 _a346 SON
100 _aSonnekus, JC
_lEnglish
245 _aThe Law of Estoppel in South Africa /
_cJC Sonnekus
250 _aThird Edition
260 _aDurban :
_bLexisNexis (Pty) Ltd,
_c2012
300 _bxi, 413 pages ;
_c25 cm.
650 _aLegal practice
_bLaw
942 _cBK
_6ALISON_BN_VRIES
999 _c539
_d539